000 00538nam a22000977a 4500
008 160425b xxu||||| |||| 00| 0 eng d
100 _aHagemann, G.
245 _aDanmarks og Dansk Vestindiens frimaerker. Bind 4
260 _aKopenhagen, Denmark
_bKobenhavns Philatelist Klub
_c1951
650 _aDenmark | Danish West Indies | Postal Markings | Plates and Plating | Errors and Varieties | Forgeries and Counterfeits | Essays and Proofs | Production | 20th Century | 19th Century | Definitive Issues | Provisionals and Forerunners | Bibliographies
999 _c1933
_d1933